Never Take It - Twenty One Pilots Lyrics - Statistics

General Stats
  • This quiz has been taken 6 times
  • The average score is 167 of 299
Answer Stats
Lyrics % Correct
information
100%
know
100%
Verse 1 Now
100%
that
100%
they
100%
a
67%
a
67%
a
67%
advice
67%
advice
67%
and
67%
and
67%
and
67%
and
67%
And
67%
And
67%
and
67%
asking
67%
asking
67%
better
67%
better
67%
but
67%
but
67%
can
67%
'Cause
67%
confusion
67%
confusion)
67%
currency
67%
divide
67%
educate
67%
educate
67%
enough
67%
enough
67%
enough)
67%
facility?
67%
fake
67%
fake
67%
for
67%
for
67%
from
67%
from
67%
great
67%
guitar,
67%
guitar,
67%
hard
67%
hard
67%
How
67%
I,
67%
I,
67%
I,
67%
I
67%
I
67%
I
67%
I
67%
I
67%
(I
67%
I
67%
(I
67%
I,
67%
in
67%
(in
67%
(information)
67%
Is
67%
it
67%
it
67%
it
67%
it
67%
it
67%
it
67%
it
67%
it,
67%
it
67%
just
67%
Keep
67%
keep
67%
keep
67%
lying
67%
lying
67%
more
67%
much
67%
much
67%
my
67%
my
67%
myself
67%
myself
67%
never
67%
never
67%
never
67%
never
67%
never
67%
Chorus Never
67%
never
67%
nothing
67%
of
67%
(of
67%
Chorus Oh-oh-oh
67%
Oh-oh-oh,
67%
Chorus Oh-oh-oh
67%
Oh-oh-oh
67%
oh-oh-oh
67%
on
67%
on
67%
Ooh,
67%
ooh
67%
Ooh,
67%
picked
67%
picked
67%
picked
67%
play
67%
play
67%
quotations
67%
quotations)
67%
restitution
67%
saw
67%
saw
67%
saw
67%
second
67%
seek
67%
summer
67%
summer
67%
take
67%
take
67%
take
67%
take
67%
take
67%
take
67%
Taught
67%
Taught
67%
tearing
67%
tearing
67%
(tearing
67%
teeth
67%
teeth?
67%
that
67%
that
67%
the
67%
the
67%
Bridge The
67%
the
67%
The
67%
the
67%
their
67%
their
67%
they
67%
they
67%
They
67%
They're
67%
they're
67%
They're
67%
They're
67%
things
67%
things
67%
those
67%
those
67%
through
67%
through
67%
to
67%
to
67%
to
67%
to
67%
too
67%
too
67%
treatment
67%
truth
67%
try
67%
trying
67%
trying
67%
tube
67%
tube
67%
two
67%
two
67%
up
67%
up
67%
up
67%
up)
67%
up
67%
up)
67%
watched
67%
watched
67%
we
67%
weaponize
67%
weaponize
67%
we'll
67%
we'll
67%
we'll
67%
we'll
67%
When
67%
You
67%
You
67%
You
67%
You
67%
You
67%
You
67%
you're
67%
yourself
67%
yourself
67%
a
33%
a
33%
a
33%
and
33%
and
33%
and
33%
and
33%
asking
33%
asking
33%
cure
33%
disease
33%
'em
33%
for
33%
for
33%
hard
33%
I,
33%
I
33%
I,
33%
I,
33%
it
33%
it
33%
it
33%
it
33%
never
33%
never
33%
never
33%
never
33%
never
33%
ohh
33%
Oh-oh-oh,
33%
Oh-oh-oh,
33%
Oh-oh-oh,
33%
Ooh,
33%
ooh
33%
Ooh,
33%
ooh
33%
Ooh,
33%
ooh
33%
Ooh,
33%
ooh
33%
Ooh,
33%
ooh
33%
Ooh
33%
Ooh,
33%
ooh
33%
Ooh,
33%
ooh
33%
Ooh,
33%
ooh
33%
Ooh,
33%
ooh
33%
Ooh,
33%
ooh
33%
Ooh
33%
(ooh,
33%
ooh)
33%
Ooh,
33%
ooh
33%
Ooh,
33%
ooh
33%
Ooh,
33%
ooh
33%
Ooh,
33%
ooh
33%
Ooh,
33%
ooh
33%
Ooh,
33%
ooh
33%
Ooh,
33%
ooh
33%
Ooh
33%
profit
33%
(restitution)
33%
second
33%
second
33%
second
33%
take
33%
take
33%
take
33%
take
33%
they're
33%
they're
33%
they're
33%
to
33%
try
33%
try
33%
try
33%
trying
33%
weaponize
33%
we'll
33%
We'll
33%
we'll
33%
we'll
33%
When
33%
Verse 2 Why
33%
will
33%
Chorus Yeah,
33%
yeah,
33%
yeah
33%
You
33%
You
33%
You
33%
You
33%
No matching quizzes found
Score Distribution
Percent of People with Each Score
Percentile by Number Answered
Your Score History
You have not taken this quiz